Corporate compliance la prevencin̤ de riesgos penales y delitos en las organizaciones penalmente responsables /

Detalles Bibliográficos
Autor principal: Lled ̤Benito, Ignacio
Formato: eBook
Lenguaje:español
Publicado: Madrid: Dykinson, 2018
Materias:
Acceso en línea:Acceso restringido

MARC

LEADER 00000nam a22000007a 4500
005 20180511224631.0
007 cr|||| ||||
008 180511s2018 es |||||s|||| 00||0 spa d
020 |a 978-84-9148-607-7 
035 |a 21666 
040 |a vLex 
090 |c 7949  |d 7949 
100 1 |a Lled ̤Benito, Ignacio 
245 1 0 |a Corporate compliance  |h [Recurso electrn̤ico] :  |b la prevencin̤ de riesgos penales y delitos en las organizaciones penalmente responsables /  |c Ignacio Lled ̤Benito 
256 |a Servicio en ln̕ea 
260 |a Madrid:  |b Dykinson,  |c 2018 
300 |a 1 recurso electrn̤ico 
506 1 |a Disponible solo en los productos indicados  |d vLex Global  |d vLex Global (Academic Edition, excluding Law Schools)  |d vLex Global (U.S. Academic Edition, Law Schools)  |d vLex Global (U.S. Academic Edition, excluding Law Schools)  |d vLex Global (Academic Edition, Law Schools) 
650 0 4 |a Derecho Penal  |z Espaą 
740 0 |a vLex Libros (Servicio en ln̕ea) 
856 4 0 |u http://vlex.com/source/corporate-compliance-prevencion-riesgos-penales-delitos-organizaciones-penalmente-responsables-21666  |z Acceso restringido 
942 |c BOOK 
999 0 |a Criminal law